00169nam a2200061Ia 4500008004100000100002200041245004400063120527s9999 xx 000 0 und d aFeldman, S.Robert aThe Psychology student's survival guide